Trí tuệ Do Thái
Trí tuệ Do Thái là câu chuyện về một dân tộc Do Thái thông thạo với những phương pháp và kỹ thuật xây dựng và phát triển tầng lớp tri thức đã được giữ kín hàng ngàn năm như một bí mật mang tính văn hóa....
Na minha lista:
| Autor principal: | |
|---|---|
| Formato: | Livro |
| Idioma: | Undetermined |
| Publicado em: |
Hà Nội
Lao động
2015
|
| Assuntos: | |
| Tags: |
Adicionar Tag
Sem tags, seja o primeiro a adicionar uma tag!
|
| Thư viện lưu trữ: | Trung tâm Học liệu Trường Đại học Cần Thơ |
|---|
| LEADER | 00891nam a2200217Ia 4500 | ||
|---|---|---|---|
| 001 | CTU_204208 | ||
| 008 | 210402s9999 xx 000 0 und d | ||
| 020 | |c 109000 | ||
| 082 | |a 153 | ||
| 082 | |b K11 | ||
| 100 | |a Katz, Earn | ||
| 245 | 0 | |a Trí tuệ Do Thái | |
| 245 | 0 | |c Eran Katz ; Phương Oanh (dịch) | |
| 260 | |a Hà Nội | ||
| 260 | |b Lao động | ||
| 260 | |c 2015 | ||
| 520 | |a Trí tuệ Do Thái là câu chuyện về một dân tộc Do Thái thông thạo với những phương pháp và kỹ thuật xây dựng và phát triển tầng lớp tri thức đã được giữ kín hàng ngàn năm như một bí mật mang tính văn hóa. | ||
| 650 | |a Memory,Jews,Trí nhớ | ||
| 650 | |x Intelligence levels | ||
| 904 | |i Hải | ||
| 980 | |a Trung tâm Học liệu Trường Đại học Cần Thơ | ||